Undoing and redoing corpus planning (Record no. 86129)

MARC details
000 -LEADER
fixed length control field 00680nam a2200217Ia 4500
008 - FIXED-LENGTH DATA ELEMENTS--GENERAL INFORMATION
fixed length control field 191130s1997##################000#0#eng##
020 ## - INTERNATIONAL STANDARD BOOK NUMBER
ISBN 9783110155099
082 ## - DEWEY DECIMAL CLASSIFICATION NUMBER
Classification number 306.449 CLY
245 ## - TITLE STATEMENT
Title Undoing and redoing corpus planning
Statement of responsibility, etc edited by Michael Clyne
260 ## - PUBLICATION, DISTRIBUTION, ETC. (IMPRINT)
Place of publication Berlin ; New York
Name of publisher Mouton de Gruyter
Year of publication 1997
300 ## - PHYSICAL DESCRIPTION
Number of Pages viii, 520 p. : map ; 24 cm
500 ## - GENERAL NOTE
General note Includes bibliographical references and indexes
650 ## - SUBJECT ADDED ENTRY--TOPICAL TERM
Topical Term Language and languages - Political aspects
Topical Term Language planning
700 ## - ADDED ENTRY--PERSONAL NAME
Personal name Clyne, Michael G
991 ## -
-- 187053
Holdings
Withdrawn status Lost status Damaged status Not for loan Home library Current library Shelving location Date acquired Full call number Accession Number Price effective from Koha item type
        Anna Centenary Library Anna Centenary Library 3RD FLOOR, B WING 09.10.2020 306.449 CLY 389588 09.10.2020 English Books

Find us on the map